Dni

Bibliographic Details
Main Author: Buzássy, Ján, 1935- (Author)
Other Authors: Benca, Igor, 1958- (Illustrator)
Format: Book
Language:Slovak
PhysicalDescription:76 s. 15 cm
Published: Levoča Modrý Peter 1995
ISBN:8085515199
Edition:1. vyd.
Series:Mušľa
Subjects:

MARC

LEADER 00000cam a2200000 a 4500
001 vtls001078518
003 SK-MaSNL
005 20260301153212.0
008 251112s1995 xo g 000 p slo
015 |a SNBA1995/05 
020 |a 8085515199 
035 |a SNK000021353 
035 |a urn:nbn:sk:snk-am3hs9l 
035 |a EACD9237-9B59-403B-A34E-341A2693643B 
035 |a urn:nbn:sk:snk-am00d7gv 
040 |a SNK  |b slo  |c SNK  |e AACR2 
041 0 |a slo 
044 |a xo  |c SK 
080 |a 821.162.4-1  |2 2001 
100 1 |a Buzássy, Ján,  |d 1935-  |4 aut  |9 109313 
245 1 0 |a Dni  |c Ján Buzássy ; Ilustroval Igor Benca ; Graf. úpr. Peter Grísa 
250 |a 1. vyd. 
260 |a Levoča  |b Modrý Peter  |c 1995  |e Levoča  |f Polypress 
300 |a 76 s.  |c 15 cm 
490 1 |a Mušľa 
650 0 7 |a slovenská literatúra  |2 SNKPH  |9 1115 
655 7 |a slovenská poézia  |2 SNKPH  |9 70444 
655 7 |a Slovak poetry  |2 SNKPHeng  |9 265010 
700 1 |a Grísa, Peter,  |d 1962-  |4 bkd  |9 169624 
700 1 |a Benca, Igor,  |d 1958-  |4 ill  |9 104652 
700 1 |a Vaško, Imrich,  |d 1936-2010  |4 dnr  |9 206049 
830 0 |a Mušľa  |9 276531 
919 |a 80-85515-19-9 
954 |a beletria pôvodná (slovenská)  |2 lita 
958 |a TL 
958 |a LX 
999 |c 791978  |d 793908 
952 |t P60, <04>, [BOOK], {604}  |a SNK  |b SNK  |y VYP  |7 0  |p 17A0034746  |o snkSE 8944 D1  |0 0  |1 0  |4 0  |d 1997-02-01  |l 0  |r 2004-12-31 00:00:00  |w 2026-02-24 
952 |a SNK  |b SNK  |y PREZ  |7 0  |p 17A0787067  |o snkSE 8944  |0 0  |1 0  |4 0  |d 2012-01-25  |f 1  |l 0  |r 2026-02-24 01:41:13  |w 2026-02-24